Kumpulan Puisi : (Record no. 203273)

MARC details
000 -LEADER
fixed length control field 00793nam a2200241 i 4500
003 - CONTROL NUMBER IDENTIFIER
control field OSt
005 - DATE AND TIME OF LATEST TRANSACTION
control field 20260226100410.0
008 - FIXED-LENGTH DATA ELEMENTS--GENERAL INFORMATION
fixed length control field 260226s2025 my a grb 000 p may d
020 ## - INTERNATIONAL STANDARD BOOK NUMBER
International Standard Book Number 9786299544227
Terms of availability RM 15.00
Qualifying information paperback
040 ## - CATALOGING SOURCE
Original cataloging agency PPAK
Language of cataloging eng
Transcribing agency PPAK
Description conventions rda
082 04 - DEWEY DECIMAL CLASSIFICATION NUMBER
Edition number 23
Classification number 899.2313
090 00 - LOCALLY ASSIGNED LC-TYPE CALL NUMBER (OCLC); LOCAL CALL NUMBER (RLIN)
Classification number (OCLC) (R) ; Classification number, CALL (RLIN) (NR) 899.2313
Feature heading ZAI
Feature heading G
100 0# - MAIN ENTRY--PERSONAL NAME
Personal name Zaidin Abadi,
Dates associated with a name 1956-
Relator term author.
245 10 - TITLE STATEMENT
Title Kumpulan Puisi :
Remainder of title WAJAH DI SEBALIK BUNGA /
Statement of responsibility, etc. Zaidin Abadi
264 #1 - PRODUCTION, PUBLICATION, DISTRIBUTION, MANUFACTURE, AND COPYRIGHT NOTICE
Place of production, publication, distribution, manufacture Alor Setar, Kedah :
Name of producer, publisher, distributor, manufacturer PERTUBUHAN SANGGAR WARISAN BUDAYA MELAYU KEDAH (SWADAYA),
Date of production, publication, distribution, manufacture, or copyright notice 2025
300 ## - PHYSICAL DESCRIPTION
Extent vi, 69 pages :
Other physical details illustrations ;
Dimensions 18 cm
336 ## - CONTENT TYPE
Content type term text
Source rdacontent
337 ## - MEDIA TYPE
Media type term unmediated
Source rdamedia
338 ## - CARRIER TYPE
Carrier type term volume
Source rdacarrier
650 10 - SUBJECT ADDED ENTRY--TOPICAL TERM
Topical term or geographic name entry element Malay poetry
Topical term or geographic name entry element Puisi
942 ## - ADDED ENTRY ELEMENTS (KOHA)
Source of classification or shelving scheme Dewey Decimal Classification
Koha item type Book
Holdings
Withdrawn Not for loan Current library Shelving location Date acquired Total Checkouts Full call number Barcode Date last seen Koha item type
  Not For Loan Perpustakaan Alor Setar Koleksi Kedah 04/03/2026   KK 899.2313 ZAI A01899472 04/03/2026 Book
    Perpustakaan Alor Setar Pinjaman Dewasa 04/03/2026   899.2313 ZAI A01899473 04/03/2026 Book
    Perpustakaan Awam Sungai Petani Pinjaman Dewasa 04/03/2026   899.2313 ZAI A01899474 04/03/2026 Book
    Perpustakaan Jitra Pinjaman Dewasa 04/03/2026   899.2313 ZAI A01899475 04/03/2026 Book
    Perpustakaan Kuala Nerang Pinjaman Dewasa 04/03/2026   899.2313 ZAI A01899483 04/03/2026 Book
    Perpustakaan Kulim Pinjaman Dewasa 04/03/2026   899.2313 ZAI A01899477 04/03/2026 Book
    Perpustakaan Merbok Pinjaman Dewasa 04/03/2026   899.2313 ZAI A01899480 04/03/2026 Book
    Perpustakaan Pendang Pinjaman Dewasa 04/03/2026   899.2313 ZAI A01899484 04/03/2026 Book
    Perpustakaan Yan Pinjaman Dewasa 04/03/2026   899.2313 ZAI A01899481 04/03/2026 Book
    PD33, Kg. Belau, Merbok Pinjaman Dewasa 04/03/2026   899.2313 ZAI A01899516 04/03/2026 Book